MARC

LEADER 00000nam0a2200000 4500
001 349123
005 20231102010155.0
035 |a (RuTPU)RU\TPU\retro\1142 
090 |a 349123 
100 |a 20180413d1979 km y0rusy50 ca 
101 0 |a rus 
102 |a RU 
105 |a a z 001zy 
200 1 |a Пневматические элементы регуляторов  |f С. Г. Агаджанян, Б. Р. Барский, Е. П. Долгий 
210 |a Москва  |c Машиностроение  |d 1979 
215 |a 111 с.  |c ил. 
320 |a Библиогр.: с. 108-109 
606 1 |a Летательные аппараты  |x Пневматические системы  |2 stltpush  |3 (RuTPU)RU\TPU\subj\40078  |9 59952 
610 1 |a схемы 
610 1 |a конструкции 
610 1 |a делители 
610 1 |a непрерывное действие 
610 1 |a вычислительные элементы 
610 1 |a решающие элементы 
610 1 |a дискретное действие 
610 1 |a пневматические реле 
610 1 |a сопла 
610 1 |a заслонки 
610 1 |a системы кондиционирования 
610 1 |a летательные аппараты 
610 1 |a построение 
675 |a 629.73.06  |v 4 
700 1 |a Агаджанян  |b С. Г.  |g Сергей Гайкович 
701 1 |a Барский  |b Б. Р.  |g Борис Рувимович 
701 1 |a Долгий  |b Е. П.  |g Евгений Петрович 
801 1 |a RU  |b 63413507  |c 20180413 
801 2 |a RU  |b 63413507  |c 20180413  |g RCR 
942 |c BK